Biblioteca y Centro de Documentación

Understanding contemporary Society (Registro nro. 10518)

Detalles MARC
000 -CABECERA
Longitud fija campo de control 01315nam a2200409 c 4500
001 - NÚMERO DE CONTROL
Número de control 10518
003 - IDENTIFICADOR DE NÚMERO DE CONTROL
Identificador del número de control ES-MaCES
005 - FECHA Y HORA DE LA ÚLTIMA TRANSACCIÓN
Fecha y hora de la última transacción 20141221122055.0
008 - CAMPO FIJO DE DESCRIPCIÓN FIJA--INFORMACIÓN GENERAL
Códigos de información de longitud fija   000504s2000 xxk t 000 | eng d
020 ## - ISBN (INTERNATIONAL STANDARD BOOK NUMBER)
Número Internacional Normalizado para Libros (ISBN) 0761959254
020 ## - ISBN (INTERNATIONAL STANDARD BOOK NUMBER)
Número Internacional Normalizado para Libros (ISBN) 0761959262 (pbk)
035 ## - NÚMERO DE CONTROL DEL SISTEMA
Número de control del sistema CES20000005577m
040 ## - FUENTE DE CATALOGACIÓN
Centro catalogador de origen ES-MaCES
Lengua de catalogación spa
Centro transcriptor ES-MaCES
245 00 - MENCIÓN DE TÍTULO
Título Understanding contemporary Society
Resto del título : theories of the present
Mención de responsabilidad, etc. edited by Gary Browning, Abigail Halcli and Frank Webster
250 ## - MENCIÓN DE EDICIÓN
Mención de edición 1st ed
260 ## - PUBLICACIÓN, DISTRIBUCIÓN, ETC (PIE DE IMPRENTA)
Lugar de publicación, distribución, etc. London
-- Thousand Oaks
-- New Delhi
Nombre del editor, distribuidor, etc. SAGE
Fecha de publicación, distribución, etc. 2000
300 ## - DESCRIPCIÓN FÍSICA
Extensión XVII, 502 p.
Dimensiones 25 cm
500 ## - NOTA GENERAL
Nota general Índices
504 ## - NOTA DE BIBLIOGRAFÍA, ETC.
Nota de bibliografía, etc. Bibliografía
541 ## - NOTA DE LA FUENTE INMEDIANTE DE ADQUISICIÓN
Forma de adquisición Compra
650 #4 - ASIENTO SECUNDARIO DE MATERIA--TÉRMINO DE MATERIA
Término de materia o nombre geográfico como elemento inicial sociedad
9 (RLIN) 27269
650 #4 - ASIENTO SECUNDARIO DE MATERIA--TÉRMINO DE MATERIA
Término de materia o nombre geográfico como elemento inicial desarrollo social
9 (RLIN) 29239
650 #4 - ASIENTO SECUNDARIO DE MATERIA--TÉRMINO DE MATERIA
Término de materia o nombre geográfico como elemento inicial teoría social
9 (RLIN) 27032
650 #4 - ASIENTO SECUNDARIO DE MATERIA--TÉRMINO DE MATERIA
Término de materia o nombre geográfico como elemento inicial teoría política
9 (RLIN) 27233
650 #4 - ASIENTO SECUNDARIO DE MATERIA--TÉRMINO DE MATERIA
Término de materia o nombre geográfico como elemento inicial teoría económica
9 (RLIN) 27076
650 #4 - ASIENTO SECUNDARIO DE MATERIA--TÉRMINO DE MATERIA
Término de materia o nombre geográfico como elemento inicial historia
9 (RLIN) 27251
650 #4 - ASIENTO SECUNDARIO DE MATERIA--TÉRMINO DE MATERIA
Término de materia o nombre geográfico como elemento inicial cultura
9 (RLIN) 27265
650 #4 - ASIENTO SECUNDARIO DE MATERIA--TÉRMINO DE MATERIA
Término de materia o nombre geográfico como elemento inicial antropología social y cultural
9 (RLIN) 27254
650 #4 - ASIENTO SECUNDARIO DE MATERIA--TÉRMINO DE MATERIA
Término de materia o nombre geográfico como elemento inicial investigación interdisciplinaria
9 (RLIN) 28841
653 10 - TÉRMINO DE INDEXACIÓN--NO CONTROLADO
Término no controlado Ciencias Sociales-Políticas
700 1# - ENCABEZAMIENTO SECUNDARIO--NOMBRE PERSONAL
Nombre de persona Browning, Gary
Término indicativo de función ed. lit.
9 (RLIN) 8364
700 1# - ENCABEZAMIENTO SECUNDARIO--NOMBRE PERSONAL
Nombre de persona Halcli, Abigail
Término indicativo de función ed. lit.
9 (RLIN) 14405
700 1# - ENCABEZAMIENTO SECUNDARIO--NOMBRE PERSONAL
Nombre de persona Webster, Frank
Término indicativo de función ed. lit.
9 (RLIN) 26179
902 ## - CES. TIPO DE DOCUMENTO
Tipodoc (006$c Sirtex) LIB Libro
942 ## - ELEMENTOS KOHA
Fuente de clasificaión o esquema Clasificación propia del CES
Koha [por defecto] tipo de item Monografías
Parte de clasificación 7.0.
Existencias
Número de registro Signatura completa Tipo de item de Koha
036153 DPT-10686 Monografías
© CES, Consejo Económico y Social de España 2021